000 01212nam a22002897a 4500
003 DO-SdBNP
005 20260306091826.0
007 ta
008 250523b2024 dr ||||| |||| 00| 0 spa d
020 _a9789945639476
040 _aDO-SdBNP
_bspa
_cBNPHU
_erda
082 4 _axxx
_bM632c
_222
100 1 _aMieses Burgos, Franklin,
_d1907-1976
_4aut.
_eautor
_91952
245 1 0 _aClima de eternidad y otros poemarios /
_cFranklin Mieses Burgos ; prólogo de Federico Henríquez Gratereaux.
264 _aSanto Domingo, República Dominicana :
_bInstituto Superior de Formación Docente Salomé Ureña,
_c2024.
300 _a134 páginas ;
_c23 cm.
336 _atexto
_btxt
_2rdacontent
337 _asin mediación
_bn
_2rdamedia
338 _avolumen
_bnc
_2rdacarrier
490 0 _aClásicos dominicanos.
490 0 _aSerie III. Poesía
505 _aClima de eternidad - Torre de voces -- Trópico íntimo -- El ángel destruido -- Gaviotas enterradas -- Propiedad del recuerdo -- Del poemario 12 sonetos y una canción a la rosa -- Otros poemas.
590 _aInventariado, 2025 /LP
700 1 _aHenríquez Gratereaux, Federico,
_d1937-
_eprologuista
_4pr.
_92003
910 _aLP
942 _2ddc
_cLBS1
999 _c58511
_d58511